Gaming Quiz

Random Gaming or Clickable Quiz

Toy Hall of Fame Match-Up Quiz Stats

 Plays Quiz Updated Aug 13, 2019

Score 0/40 Timer 05:00
3 Plays Today
% Correct
Dungeons &
93.4%
G.I.
92.3%
Mr.
92.3%
Rubik's
92%
Hula
91.8%
Crayola
91.6%
Etch A
91.4%
Easy-Bake
91.2%
Jack-in-
91.2%
Jigsaw
90.6%
Teddy
90.3%
Play-
89.9%
Roller
89.4%
Nintendo
89%
Atari
88.8%
Silly
88.3%
Jump
87.5%
The Game
87%
Super
87%
Raggedy
86.8%
% Correct
Tonka
86.5%
Hot
86.4%
Rocking
86.2%
Playing
85.1%
Candy
85%
Little Green
85%
Rubber
83.4%
Lincoln
82.4%
Baby
81.1%
Paper
80.6%
Wiffle
80.2%
Cardboard
79%
Alphabet
78.9%
View-
78.5%
Erector
75%
Radio Flyer
71.5%
Big
70.7%
Fisher-Price
65%
Lionel
62.5%
Duncan
59.4%

You're not logged in!

Compare scores with friends on all Sporcle quizzes.
OR
Log In

Sporcle TV

Today on Sporcle TV


Watch our educational content, quiz creation guides, and fun videos on Sporcle TV.

Show Comments

Extras

Top Quizzes Today


Score Distribution

Your Account Isn't Verified!

In order to create a playlist on Sporcle, you need to verify the email address you used during registration. Go to your Sporcle Settings to finish the process.

Report this User

Report this user for behavior that violates our Community Guidelines.

Details: